| 000 | 00796cam a22002651 4500 | ||
|---|---|---|---|
| 001 | sg 44000288 | ||
| 003 | DLC | ||
| 005 | 20260227112744.0 | ||
| 008 | 750912s1944 nyua 000 0 eng c | ||
| 010 | _asg 44000288 | ||
| 035 | _a(OCoLC)1619307 | ||
| 040 |
_aU.S. Surg. gen. off. Libr. _cFMU _dOCoLC _dDLC |
||
| 042 | _apremarc | ||
| 050 | 0 | 0 |
_aRA790 _b.S57 |
| 082 | _a131.3 | ||
| 100 | 1 |
_aSmith, James Henry, _d1902- |
|
| 245 | 1 | 0 |
_aTechnique for living, _cby James H. Smith and Natacha Rambova. Illustrations by Mildred Orrick. |
| 260 |
_aNew York, _bEssential Books _c[c1944] |
||
| 300 |
_a5 p. l., 3-113 p. _billus. _c18 cm. |
||
| 500 | _a"First printing." | ||
| 650 | 0 | _aMental health. | |
| 650 | 0 | _aRelaxation. | |
| 650 | 0 | _aExercise. | |
| 700 | 1 |
_aRambova, Natacha, _ejoint author. |
|
| 999 |
_c90492 _d90492 |
||